| 000 | 00850cam a2200241 4500 | ||
|---|---|---|---|
| 001 | ABS68477 | ||
| 008 | 041108n2004 000 0 eng u | ||
| 035 | _a(Sirsi) u127919 | ||
| 100 | _aCousins, D. | ||
| 245 | _aPlanning hurdles to lower? | ||
| 260 | _c2004 | ||
| 490 |
_aFarmers' Weekly _v141(17) 22 October 2004, 64(1) |
||
| 520 | _aIn a question and answer format, sets out how new guidance from government should make it easier for farmers to get planning permission for converting redundant farm buildings to non-farming use. Explains how PPS7 may end mixed messages from different government departments. | ||
| 590 | _aABS | ||
| 590 | _aABS | ||
| 650 | _aPPS7 | ||
| 650 | _aPLANNING PERMISSION | ||
| 650 | _aFARM DIVERSIFICATION | ||
| 650 | _aFARM BUILDINGS | ||
| 650 | _aCONVERSIONS | ||
| 690 |
_aRURAL _96268 |
||
| 942 | _n0 | ||
| 999 |
_c118277 _d118277 |
||